Central Library OPAC University of Rajshahi

Industrial marketing management and controls / (Record no. 15872)

MARC details
000 -LEADER
fixed length control field 00847cam a22002651a 4500
001 - CONTROL NUMBER
control field 15872
003 - CONTROL NUMBER IDENTIFIER
rucl marc code BD-RjUL
005 - DATE AND TIME OF LATEST TRANSACTION
control field 20211208235912.0
008 - FIXED-LENGTH DATA ELEMENTS--GENERAL INFORMATION
fixed length control field 140211s1967 nyua b 001 0 eng d
035 ## - SYSTEM CONTROL NUMBER
System control number (BD-RjUL)15927
040 ## - CATALOGING SOURCE
Original cataloging agency DLC
Transcribing agency DLC
Modifying agency DLC
-- BD-RjUL
Language of cataloging eng
041 ## - LANGUAGE CODE
Language code of text/sound track or separate title eng
082 00 - DEWEY DECIMAL CLASSIFICATION NUMBER
Classification number 658.8
Author mark and year WII 1967
100 1# - MAIN ENTRY--PERSONAL NAME
Personal name Williams, L. A.
Fuller form of name (Leonard Ainslie),
Dates associated with a name 1909-
9 (RLIN) 49221
245 10 - TITLE STATEMENT
Title Industrial marketing management and controls /
Statement of responsibility, etc. by L. A. Williams.
260 ## - PUBLICATION, DISTRIBUTION, ETC. (IMPRINT)
Place of publication, distribution, etc. New York :
Name of publisher, distributor, etc. American Elsevier Pub. Co.,
Date of publication, distribution, etc. c1967
300 ## - PHYSICAL DESCRIPTION
Pagination xviii, 265 p. :
Illustrations illus. ;
Size 23 cm.
490 0# - SERIES STATEMENT
Series statement Management studies series
504 ## - BIBLIOGRAPHY, ETC. NOTE
Bibliography, etc Includes bibliographical references and Index
650 #0 - SUBJECT ADDED ENTRY--TOPICAL TERM
Topical term or geographic name as entry element Industrial marketing
General subdivision Management.
9 (RLIN) 49222
Topical term or geographic name as entry element Marketing research.
9 (RLIN) 49223
942 ## - ADDED ENTRY ELEMENTS (KOHA)
Source of classification or shelving scheme Dewey Decimal Classification
Koha item type Books
Holdings
Lost status Source of classification or shelving scheme Damaged status Not for loan Collection code Permanent Location Current Location Shelving location Date acquired Source of acquisition Cost, normal purchase price Total Checkouts Full call number Date last seen Copy number Koha item type
  Dewey Decimal Classification     Non-fiction Central Library, University of Rajshahi Central Library, University of Rajshahi   24/12/1969 Zeit 63.00   658.8 WII 1967 11/02/2014 C-3 Books
  Dewey Decimal Classification   Not For Loan Non-fiction Central Library, University of Rajshahi Central Library, University of Rajshahi Reading Room 29/12/1969 Zeit 6.30   658.8 WII 1967 22/01/2017 C-1 Books
  Dewey Decimal Classification     Non-fiction Central Library, University of Rajshahi Central Library, University of Rajshahi   29/12/1969 Zeitlinger 0.63   658.8 WII 1967 30/10/2019 C-2 Books